Juicy - The Notorious B.I.G. (Full lyrics) - Statistics

General Stats
  • This quiz has been taken 25 times
  • The average score is 427 of 688
Answer Stats
Lyrics % Correct
B,
100%
G,
100%
a
95%
all
95%
D
95%
Duh-ha,
95%
duh-ha
95%
I
95%
It
95%
it
95%
n-
95%
No
95%
no
95%
the
95%
The
95%
To
95%
to
95%
Uh,
95%
was
95%
Who
95%
dream,
89%
magazine
89%
on
89%
that
89%
Up!
89%
up
89%
us
89%
used
89%
Word
89%
You
89%
you
89%
don't
84%
Don't
84%
in
84%
know
84%
know,
84%
my
84%
not
84%
read
84%
this
84%
We
84%
we
84%
when
84%
When
84%
an
79%
And
79%
and
79%
me
79%
Salt-
79%
would
79%
are
74%
for
74%
good,
74%
good
74%
Heavy
74%
let
74%
never
74%
nigga
74%
nothin'
74%
Now
74%
now
74%
well
74%
amount
68%
down
68%
'em
68%
had
68%
hold
68%
of
68%
one
68%
one-
68%
picture
68%
Private
68%
sip
68%
Stock
68%
teachers
68%
wall
68%
dead
63%
Every
63%
every
63%
far
63%
hat
63%
is
63%
Magic,
63%
people
63%
Pepa
63%
pictures
63%
Rap
63%
Reach
63%
stars
63%
told
63%
tryin'
63%
very
63%
why
63%
With
63%
with
63%
baby
58%
daughter
58%
eat
58%
feed
58%
Hangin'
58%
hear
58%
hip-
58%
hop
58%
It's
58%
it's
58%
limousine
58%
man,
58%
money
58%
money-
58%
Mr.
58%
Saturday
58%
take
58%
tape
58%
thought
58%
Attack,
53%
back,
53%
back
53%
But
53%
Call
53%
'cause
53%
'Cause
53%
dedicated
53%
dinner
53%
from
53%
From
53%
I'd
53%
if
53%
I'm
53%
just
53%
lumberjack
53%
make
53%
Marl
53%
match
53%
only
53%
Rappin'
53%
rock
53%
sardines
53%
sippin'
53%
Smokin'
53%
Yeah,
53%
you're
53%
album
47%
black
47%
her
47%
hustlin'
47%
like
47%
live
47%
many
47%
Marley
47%
niggas
47%
Nintendo,
47%
out
47%
police
47%
popped
47%
red
47%
Remember
47%
Super
47%
Time
47%
time
47%
Way
47%
way
47%
weed
47%
what
47%
Ac'
42%
blow
42%
could
42%
day
42%
day,
42%
Genesis
42%
girl
42%
Got
42%
hood,
42%
limelight
42%
love,
42%
miss
42%
rhyme
42%
she
42%
some
42%
struggle
42%
tight
42%
'til
42%
Trade
42%
World
42%
Called
37%
Champagne
37%
close
37%
damn
37%
days
37%
Duke?
37%
get
37%
give
37%
goal
37%
lived
37%
paid,
37%
right
37%
same
37%
school
37%
Sega
37%
sofa
37%
thirsty
37%
worst
37%
Biggie
32%
Birthdays
32%
blowin'
32%
broke,
32%
Capri
32%
common
32%
Considered
32%
couldn't
32%
crib,
32%
diss
32%
dropped
32%
ear
32%
fool
32%
front
32%
high
32%
Kid
32%
leather
32%
life
32%
made
32%
more
32%
number,
32%
personal
32%
Robin
32%
sayin'?
32%
Smalls
32%
smoke
32%
still
32%
they
32%
thief
32%
went
32%
above
26%
Born
26%
Brooklyn
26%
brunches,
26%
by
26%
change
26%
Christmas
26%
Coast
26%
East
26%
heat,
26%
I'll
26%
interviews
26%
Lunches,
26%
male
26%
missed
26%
Mississippi
26%
mom
26%
negative
26%
off
26%
play
26%
plenty
26%
positive
26%
seats
26%
show
26%
Sold
26%
speak
26%
Starski
26%
winner
26%
wonder
26%
Bambú,
21%
butter
21%
course
21%
crew
21%
five
21%
Flex,
21%
Funkmaster
21%
girls
21%
handles
21%
happen,
21%
honeys
21%
karats
21%
keep
21%
Leach
21%
misunderstood
21%
opposite
21%
Peace
21%
peeps
21%
pool
21%
public
21%
Puttin'
21%
rapping
21%
rides,
21%
shack
21%
sinner,
21%
Spread
21%
stuff
21%
toast
21%
too
21%
two
21%
weeks
21%
worry,
21%
50-
16%
about
16%
accountant
16%
Brucie
16%
buildings
16%
cheap,
16%
Condos
16%
dissed
16%
face
16%
housin'
16%
inch
16%
indo
16%
landlord
16%
letters
16%
Living
16%
loungin'
16%
Lovebug
16%
loves
16%
need
16%
packing
16%
Phone
16%
pimps
16%
pissy,
16%
Queens,
16%
Ron
16%
room
16%
screen,
16%
Stereotypes
16%
whole
16%
write
16%
Alizé
11%
bill
11%
Celebrating
11%
chauffeur
11%
fear
11%
flat
11%
fuss
11%
gats
11%
green
11%
G's
11%
minks
11%
Moët
11%
skunk
11%
Smiles
11%
Source
11%
Thinkin'
11%
without
11%
No matching quizzes found
Score Distribution
Percent of People with Each Score
Percentile by Number Answered
Your Score History
You have not taken this quiz